[Event "Euro Online U2300 Day 2"]
[Site "chess.com INT"]
[Date "2020.05.26"]
[Round "7"]
[White "Yordanov, Lachezar"]
[Black "Thorsbro, Peter"]
[Result "1-0"]
[WhiteTitle "FM"]
[WhiteElo "2307"]
[BlackElo "2144"]
[WhiteFideId "2918927"]
[BlackFideId "1406671"]
[EventDate "2020.05.26"]

1. d4 d5 2. c4 e6 3. Nc3 Be7 4. cxd5 exd5 5. Bf4 c6 6. e3 Nf6 7. Bd3 O-O 8. Qc2
Nbd7 9. Nf3 h6 10. h3 Re8 11. O-O Nf8 12. Ne5 Bd6 13. Rab1 a5 14. a3 Ne6 15. Bh2
Ng5 16. b4 axb4 17. axb4 Nfe4 18. b5 f6 19. Nxe4 dxe4 20. Bc4+ Kh7 21. bxc6 fxe5
22. cxb7 Bxb7 23. Rxb7 exd4 24. Bxd6 Qxd6 25. exd4 Rac8 26. Qa4 Qg6 27. Kh1 Qh5
28. Qd7 Qg6 29. Be2 Rcd8 30. Qb5 Rf8 31. Rb6 Qf7 32. Qe5 Rfe8 33. Qg3 Rxd4 34.
Qh4 Red8 35. Bh5 Qc7 36. Bg6+ Kh8 37. Rbb1 e3 38. Qh5 exf2 39. Rxf2 Qd6 40. Rbf1
Rd2 41. Rxd2 Qxd2 42. Qg4 Nh7 43. Bb1 Qd5 44. Qg6 Ng5 45. h4 Qe6 46. hxg5 Qxg6
47. Bxg6 hxg5 48. Kh2 Kg8 49. Re1 Kf8 50. Kg3 Kg8 51. Kg4 Rd4+ 52. Kxg5 Rd5+ 53.
Kh4 Rd4+ 54. g4 Rd8 55. Kh5 Kf8 56. Re5 Rb8 57. Kg5 Rc8 58. Rf5+ Kg8 59. Bf7+
Kh8 60. Kh4 Rc6 61. Kg3 g6 62. Ra5 Kg7 63. Bd5 Rc7 64. Kf4 Rd7 65. Kg5 Rc7 66.
Rb5 1-0

[Event "Euro Online U2300 Day 2"]
[Site "chess.com INT"]
[Date "2020.05.26"]
[Round "7"]
[White "Mirimanian, Hayk"]
[Black "Khachatryan, Veronika"]
[Result "1-0"]
[WhiteTitle "FM"]
[WhiteElo "2268"]
[BlackElo "1869"]
[WhiteFideId "4700180"]
[BlackFideId "13310852"]
[EventDate "2020.05.26"]

1. e4 c5 2. Nf3 Nc6 3. Bb5 g6 4. Bxc6 dxc6 5. h3 Bg7 6. d3 Nf6 7. Nc3 Nd7 8. Be3
e5 9. Qd2 h6 10. g4 Nf8 11. Bxc5 Ne6 12. Be3 Nd4 13. Nh2 h5 14. O-O-O Be6 15.
Kb1 Qa5 16. b3 O-O-O 17. Ne2 Qxd2 18. Rxd2 Nxe2 19. Rxe2 hxg4 20. hxg4 Bxg4 21.
Ree1 Be6 22. Bxa7 Kc7 23. Be3 Rh3 24. Reg1 Rdh8 25. Rg2 Bf6 26. f3 Rxf3 27. Nxf3
Rxh1+ 28. Kb2 Rh3 29. Rf2 Be7 30. Bd2 f6 31. Ng1 Rg3 32. Ne2 Rh3 33. d4 exd4 34.
Nf4 Kd6 35. Nxh3 Bxh3 36. c3 dxc3+ 37. Kxc3 Ke6 38. Be3 Bd6 39. Bf4 Bc5 40. Rh2
Bg4 41. Rh6 Bh5 42. Kd3 f5 43. exf5+ Kxf5 44. Be3 Bd6 45. Rh7 b5 46. a4 Bd1 47.
a5 Bxb3 48. a6 c5 49. a7 Bd5 50. Rd7 Ke6 51. Rd8 c4+ 52. Ke2 b4 53. Bf4 b3 54.
Rxd6+ 1-0

[Event "Euro Online U2300 Day 2"]
[Site "chess.com INT"]
[Date "2020.05.26"]
[Round "7"]
[White "Svicevic, Rastko"]
[Black "Sjoberg, Isak"]
[Result "0-1"]
[WhiteTitle "FM"]
[WhiteElo "2215"]
[BlackElo "2189"]
[WhiteFideId "916315"]
[BlackFideId "1521640"]
[EventDate "2020.05.26"]

1. e4 e5 2. Nf3 Nc6 3. Nc3 Nf6 4. d4 exd4 5. Nxd4 Bb4 6. Nxc6 bxc6 7. Bd3 d5 8.
exd5 O-O 9. O-O cxd5 10. h3 c6 11. Qf3 Bd6 12. Bg5 Rb8 13. Rab1 Re8 14. b3 Be5
15. Na4 Qc7 16. c4 Ne4 17. Be3 Be6 18. Bxe4 dxe4 19. Qxe4 Bxh3 20. Qf3 Bc8 21.
Nc5 a5 22. Rfd1 Qe7 23. Qxc6 Bf5 24. Nd3 Bc7 25. Bc5 Qd8 26. Nf4 Qc8 27. Be3
Bxb1 28. Rxb1 Qf5 29. Qxc7 Qxb1+ 30. Kh2 a4 31. Nd5 Qe4 32. Qg3 Qe6 33. Nc7 Qc6
34. Nxe8 Rxe8 35. Qf3 Qxf3 36. gxf3 axb3 37. axb3 Rb8 38. Kg3 Rxb3 39. c5 Kf8
40. Kf4 Ke7 41. Ke5 h5 42. c6 Kd8 43. Kd6 Kc8 44. Ke7 h4 45. Kxf7 h3 0-1

[Event "Euro Online U2300 Day 2"]
[Site "chess.com INT"]
[Date "2020.05.26"]
[Round "7"]
[White "Tsaknakis, Zisis"]
[Black "Tsomaia, Nikoloz"]
[Result "1-0"]
[WhiteElo "2217"]
[BlackElo "2240"]
[WhiteFideId "4259963"]
[BlackFideId "13611518"]
[EventDate "2020.05.26"]

1. d4 Nf6 2. c4 g6 3. g3 c5 4. Nf3 Bg7 5. Bg2 O-O 6. O-O d6 7. Nc3 Nc6 8. dxc5
dxc5 9. Be3 Be6 10. Qa4 Qa5 11. Qb5 Qb4 12. Bxc5 Qxc4 13. Qxc4 Bxc4 14. Nd2 Ba6
15. Bxc6 bxc6 16. Bxe7 Rfe8 17. Bxf6 Bxf6 18. Nce4 Bxb2 19. Rab1 Bg7 20. Nc5
Bxe2 21. Rfc1 Bh6 22. f4 Bg7 23. Ndb3 Bf3 24. Kf2 Bd5 25. Re1 Bc3 26. Rxe8+ Rxe8
27. Rc1 Bb4 28. Nd7 Kg7 29. Ne5 Ba3 30. Rc2 Rc8 31. Nd4 Be4 32. Rc4 Rb8 33. Ne6+
fxe6 34. Rxe4 Rb2+ 35. Re2 c5 36. Nc4 Rxe2+ 37. Kxe2 Bb4 38. Kd3 Kf6 39. Ke4 Bc3
40. a4 h6 41. Nd6 a6 42. Nc4 Bd4 43. h3 Bg1 44. Ne5 g5 45. Ng4+ Kg6 46. fxg5
Kxg5 47. Ne5 Bf2 48. h4+ Kf6 49. Ng4+ Kg6 50. Nxf2 h5 51. Ke5 Kf7 52. Ne4 c4 53.
Kd4 c3 54. Kxc3 e5 55. Nc5 a5 56. Nb3 Kf6 57. Nxa5 Kf5 58. Nc4 Kg4 59. Nxe5+
Kxg3 60. Ng6 Kg4 61. a5 Kf5 62. a6 Kg4 63. a7 Kf5 64. a8=Q Kg4 65. Qg2+ Kf5 66.
Qg5+ Ke4 67. Qf4+ Kd5 68. Qe5+ Kc6 69. Kc4 Kd7 70. Qf6 Kc8 71. Qe7 Kb8 72. Kb5
Kc8 73. Kc6 Kb8 74. Qb7# 1-0

[Event "Euro Online U2300 Day 2"]
[Site "chess.com INT"]
[Date "2020.05.26"]
[Round "7"]
[White "Vardanyan, Aras"]
[Black "Krallis, Christos"]
[Result "1-0"]
[WhiteElo "2178"]
[BlackElo "2284"]
[WhiteFideId "12808792"]
[BlackFideId "4298896"]
[EventDate "2020.05.26"]

1. d4 Nf6 2. c4 e6 3. Nc3 Bb4 4. f3 Nc6 5. e4 d6 6. Bg5 h6 7. Bh4 g5 8. Bf2 e5
9. d5 Ne7 10. Qa4+ Nc6 11. dxc6 Bxc3+ 12. bxc3 b6 13. c5 bxc5 14. Bc4 g4 15. Ne2
Nh5 16. O-O-O Qg5+ 17. Kb1 gxf3 18. gxf3 Qg2 19. Ng3 Qxf2 20. Nxh5 Qxf3 21. Ng3
Qxc3 22. Qb3 Qxb3+ 23. axb3 Be6 24. Kc2 Ke7 25. Ra1 h5 26. Nf1 f5 27. exf5 Bxf5+
28. Kd2 d5 29. Ba6 Kd6 30. Bb7 Rag8 31. Ne3 Be4 32. Rhg1 d4 33. Nc4+ Ke6 34.
Rae1 Rxg1 35. Rxg1 Rf8 36. Ke2 Bf3+ 37. Ke1 e4 38. Rg5 e3 39. Ba6 Rf5 40. Bc8+
Kd5 41. Rxf5+ Ke4 42. Ne5 Bh1 43. Ke2 d3+ 44. Nxd3 c4 45. bxc4 Kd4 46. Ra5 Be4
47. Ne1 Bxc6 48. Rxa7 Be8 49. Rxc7 1-0

[Event "Euro Online U2300 Day 2"]
[Site "chess.com INT"]
[Date "2020.05.26"]
[Round "7"]
[White "Rusu, Vlad"]
[Black "Baskin, Robert"]
[Result "0-1"]
[BlackTitle "IM"]
[WhiteElo "1833"]
[BlackElo "2390"]
[WhiteFideId "55623344"]
[BlackFideId "24662402"]
[EventDate "2020.05.26"]

1. e4 c5 2. Nf3 Nc6 3. c3 d5 4. exd5 Qxd5 5. d4 Nf6 6. Be2 cxd4 7. cxd4 e6 8.
O-O Be7 9. Nc3 Qd6 10. Nb5 Qd8 11. Bf4 Nd5 12. Bg3 O-O 13. Ne5 Bd7 14. Nxd7 Qxd7
15. Nc3 Bf6 16. Bb5 a6 17. Bxc6 Qxc6 18. Ne4 Be7 19. Rc1 Qb6 20. Qa4 f5 21. Nc5
f4 22. Nd7 Qb5 23. Qxb5 axb5 24. Nxf8 Kxf8 25. Rce1 Ra6 26. Re2 fxg3 27. fxg3+
Bf6 28. a3 Ke7 29. Rd1 Ra4 30. Re4 Rc4 31. Rd2 Kd6 32. Kf2 Ne7 33. g4 Nc6 34.
Ke2 Kd5 35. Kd3 Rxd4+ 36. Rxd4+ Bxd4 37. g5 e5 38. Rd1 Bxb2 39. Rb1 e4+ 40. Kc2
Bxa3 41. Rxb5+ Kc4 42. Rxb7 Ne7 43. Kd2 Bc5 44. g4 e3+ 45. Ke2 Nd5 46. Rb2 Nc3+
47. Kf1 Kd3 48. Rb8 e2+ 49. Ke1 Bd4 50. Rd8 Ne4 51. h4 Ke3 52. Rxd4 Kxd4 53.
Kxe2 Nc5 54. Kf3 Ne6 55. g6 hxg6 56. g5 Ke5 57. Kg4 Ke4 58. h5 gxh5+ 59. Kxh5
Kf5 60. g6 Kf6 61. Kh4 Kxg6 62. Kg4 Kf6 63. Kh4 g5+ 64. Kg4 Kg6 65. Kg3 Kf5 66.
Kh3 g4+ 67. Kg3 Kg5 68. Kg2 Kf4 69. Kf2 g3+ 70. Kg2 Kg4 71. Kg1 Kh3 72. Kh1 g2+
73. Kg1 Nc5 0-1

[Event "Euro Online U2300 Day 2"]
[Site "chess.com INT"]
[Date "2020.05.26"]
[Round "7"]
[White "Potapova, Margarita"]
[Black "Terletsky, Oleg"]
[Result "1-0"]
[WhiteTitle "WIM"]
[BlackTitle "IM"]
[WhiteElo "2270"]
[BlackElo "2307"]
[WhiteFideId "14126869"]
[BlackFideId "14116774"]
[EventDate "2020.05.26"]

1. d4 Nf6 2. c4 g6 3. Nc3 Bg7 4. e4 d6 5. h3 O-O 6. Be3 e5 7. d5 Na6 8. g4 Nc5
9. Qc2 a5 10. Nge2 c6 11. Ng3 cxd5 12. cxd5 a4 13. Be2 Qa5 14. O-O Bd7 15. Rad1
Rfc8 16. f3 a3 17. Bd2 Na4 18. Qb3 Nxb2 19. Rc1 b5 20. Nb1 Qa7+ 21. Kg2 Nc4 22.
Bxc4 bxc4 23. Rxc4 Rcb8 24. Rb4 h5 25. Rc1 hxg4 26. hxg4 Rxb4 27. Bxb4 Bh6 28.
Rc3 Bxg4 29. fxg4 Nxg4 30. Rf3 Qe7 31. Nf1 Qh4 32. Be1 Qh5 33. Rh3 Qg5 34. Rg3
Qh4 35. Qf3 Bf4 36. Qxg4 Bxg3 37. Qxh4 Bxh4 38. Bxh4 Rb8 39. Nxa3 Ra8 40. Nc4
Rxa2+ 41. Kf3 Ra6 42. Be7 1-0

[Event "Euro Online U2300 Day 2"]
[Site "chess.com INT"]
[Date "2020.05.26"]
[Round "7"]
[White "Kharatyan, Roman"]
[Black "Bivol, Alina"]
[Result "1-0"]
[BlackTitle "WGM"]
[WhiteElo "1984"]
[BlackElo "2386"]
[WhiteFideId "13305220"]
[BlackFideId "4100123"]
[EventDate "2020.05.26"]

1. e4 e6 2. d4 d5 3. exd5 exd5 4. Bd3 c5 5. c3 Nf6 6. Qe2+ Be7 7. dxc5 O-O 8.
Nf3 Bxc5 9. O-O Nc6 10. Bg5 h6 11. Bh4 g5 12. Bg3 Re8 13. Qc2 Ne4 14. Nbd2 f5
15. Rfe1 Be6 16. Rad1 Qf6 17. b4 Bb6 18. b5 Ne7 19. Nd4 Bf7 20. h4 Rac8 21. hxg5
hxg5 22. Nxe4 dxe4 23. Bxe4 fxe4 24. Rxe4 Bg6 25. Qb3+ Bf7 26. Qc2 Nd5 27. Rxe8+
Rxe8 28. Qd3 Rc8 29. Qf5 Qxf5 30. Nxf5 Rxc3 31. Kh2 Nf6 32. f3 Rc5 33. Nd6 g4
34. Bh4 Nd5 35. fxg4 Bc7 36. Bg3 Bxd6 37. Bxd6 Rxb5 38. Rd4 Rb2 39. a3 Kh7 40.
Kg3 Kg6 41. Bf8 b5 42. Bc5 a5 43. Kf3 b4 44. axb4 axb4 45. Rd3 Rc2 46. Bd6 Rc6
47. Be5 Rb6 48. Bd4 Rb7 49. Ke4 Re7+ 50. Kf3 Rb7 51. Ke4 b3 52. Bb2 Nb6 53. Rd6+
Kg5 54. Kf3 Bd5+ 55. Kg3 Rc7 56. Bf6+ Kg6 57. Bd8+ Kf7 58. Bxc7 Na4 59. Rxd5 1-0

[Event "Euro Online U2300 Day 2"]
[Site "chess.com INT"]
[Date "2020.05.26"]
[Round "7"]
[White "Kalogeris, Ioannis"]
[Black "Astafurov, Arseniy"]
[Result "1-0"]
[WhiteTitle "FM"]
[BlackTitle "FM"]
[WhiteElo "2312"]
[BlackElo "2330"]
[WhiteFideId "4239563"]
[BlackFideId "24175218"]
[EventDate "2020.05.26"]

1. e4 e6 2. d4 d5 3. Nc3 Nf6 4. Bg5 dxe4 5. Nxe4 Be7 6. Bxf6 gxf6 7. Nf3 f5 8.
Ng3 h5 9. h4 c5 10. dxc5 Qa5+ 11. c3 Qxc5 12. Qd2 Qa5 13. Bc4 Bd7 14. O-O-O Ba4
15. Qd4 Rh6 16. b3 Bc6 17. Kb2 Bf6 18. Qd2 Rh8 19. Rhe1 Kf8 20. Ng5 Nd7 21. Rxe6
fxe6 22. Nxe6+ Ke8 23. Re1 Ne5 24. Bf1 Ke7 25. Nd4 Be4 26. Ndxf5+ Bxf5 27. Nxf5+
Kf7 28. f4 Rad8 29. Qc2 Nd3+ 30. Bxd3 Rxd3 31. Qxd3 Rd8 32. Qc4+ Kg6 33. Ne3
Rd2+ 34. Nc2 Qf5 35. Qe4 Qxe4 36. Rxe4 Rxg2 37. Rb4 b6 38. Ra4 a5 39. b4 Bxh4
40. bxa5 bxa5 41. f5+ Kg5 42. f6 Rf2 43. Rxa5+ Kxf6 44. Rxh5 Bg5 45. Rh3 Kf5 46.
Kb3 Kg4 47. Rd3 Kf5 48. a4 Bf6 49. a5 Ke4 50. Rd7 Rf3 51. Rc7 Be5 52. Rc8 Kd5
53. a6 Rf7 54. Nb4+ Kd6 55. Rc6+ Kd7 56. a7 Rf8 57. Ra6 Ra8 58. Nd5 Bc7 59. Kb4
Bd8 60. Kb5 1-0

[Event "Euro Online U2300 Day 2"]
[Site "chess.com INT"]
[Date "2020.05.26"]
[Round "7"]
[White "Khojayan, Vardan"]
[Black "Sargissyan, Sargis"]
[Result "0-1"]
[BlackTitle "FM"]
[WhiteElo "2266"]
[BlackElo "2269"]
[WhiteFideId "13303520"]
[BlackFideId "13303210"]
[EventDate "2020.05.26"]

1. c4 Nf6 2. Nc3 g6 3. g3 Bg7 4. Bg2 O-O 5. e3 d6 6. Nge2 e5 7. O-O c6 8. Rb1
Be6 9. d3 a5 10. a3 Qd7 11. b4 axb4 12. axb4 Bh3 13. f3 Bxg2 14. Kxg2 d5 15. e4
Na6 16. Na4 dxe4 17. dxe4 Qe6 18. Qc2 Nd7 19. Be3 Rfc8 20. Rfc1 c5 21. b5 Nb4
22. Qb3 b6 23. Rd1 Ra7 24. Nac3 Rca8 25. Bc1 Bf8 26. Nd5 Nxd5 27. cxd5 Qd6 28.
Nc3 Qc7 29. Qc4 Nf6 30. f4 Ne8 31. fxe5 Qxe5 32. Bf4 Nd6 33. Qd3 Qh5 34. e5 Nf5
35. d6 Nd4 36. Rd2 Ra3 37. Rf1 Kg7 38. Qc4 Qg4 0-1

[Event "Euro Online U2300 Day 2"]
[Site "chess.com INT"]
[Date "2020.05.26"]
[Round "7"]
[White "De Verdier, Michael"]
[Black "Kashtanov, Ruslan"]
[Result "1-0"]
[WhiteTitle "FM"]
[BlackTitle "IM"]
[WhiteElo "2291"]
[BlackElo "2376"]
[WhiteFideId "1710516"]
[BlackFideId "4124871"]
[EventDate "2020.05.26"]

1. d4 Nf6 2. c4 g6 3. Nc3 Bg7 4. e4 d6 5. Bd3 O-O 6. Nge2 Nc6 7. O-O Nd7 8. Bc2
e5 9. d5 Ne7 10. f4 f5 11. fxe5 Nxe5 12. b3 fxe4 13. Rxf8+ Qxf8 14. Bxe4 h6 15.
h3 g5 16. Be3 Nf5 17. Bxf5 Bxf5 18. Nd4 Qf7 19. Qd2 Rf8 20. Rf1 Qg6 21. Ncb5 g4
22. Nxc7 gxh3 23. Nce6 Rf7 24. Nxf5 Rxf5 25. Rxf5 Qxf5 26. Nxg7 Kxg7 27. Bxh6+
Kg6 28. Be3 a6 29. Bd4 Nd3 30. gxh3 Nf4 31. Qe3 Nxh3+ 32. Kh2 Nf4 33. Qe8+ Kg5
34. Qg8+ Kh5 35. Qh8+ Kg4 36. Qg7+ Kf3 37. Qg3+ Ke2 38. Qe3+ Kd1 39. Qg1+ Kc2
40. Qf2+ Kd1 41. Qg1+ Kd2 42. Be3+ Kd3 43. Qb1+ 1-0

[Event "Euro Online U2300 Day 2"]
[Site "chess.com INT"]
[Date "2020.05.26"]
[Round "7"]
[White "Manukyan, Sargis A."]
[Black "Averyanov, Grigori"]
[Result "0-1"]
[WhiteTitle "FM"]
[WhiteElo "2244"]
[BlackElo "2274"]
[WhiteFideId "13303970"]
[BlackFideId "44150288"]
[EventDate "2020.05.26"]

1. d4 Nf6 2. c4 e6 3. Nc3 Bb4 4. a3 Bxc3+ 5. bxc3 d6 6. e3 O-O 7. Bd3 c5 8. Ne2
Nc6 9. O-O e5 10. d5 Ne7 11. Ng3 Ne8 12. f4 exf4 13. exf4 Nf6 14. f5 h6 15. Nh5
Nxh5 16. Qxh5 f6 17. Rf3 Qe8 18. Qh4 Kh7 19. g4 b5 20. Rh3 Ng8 21. g5 fxg5 22.
f6+ Kh8 23. Bxg5 Bxh3 24. Qxh3 Rxf6 25. Bxf6 Nxf6 26. cxb5 Nxd5 27. Qf5 Nf6 28.
Rf1 Qe3+ 29. Kh1 Rf8 30. Qg6 Kg8 31. Kg2 d5 32. Rf3 Qd2+ 33. Rf2 Qxc3 34. a4 c4
35. Bb1 Qe5 36. Rf5 Qe2+ 37. Rf2 Qe3 38. Rf3 Qg5+ 39. Qxg5 hxg5 40. Ba2 Ne4 41.
Rxf8+ Kxf8 42. a5 Nc5 43. Kf2 Ke7 44. Ke3 Kd6 45. Kd4 Ne6+ 46. Kc3 Kc5 47. b6
axb6 48. a6 Nc7 49. a7 b5 50. Bb1 b4+ 51. Kb2 Kb6 52. Bf5 Kxa7 0-1

[Event "Euro Online U2300 Day 2"]
[Site "chess.com INT"]
[Date "2020.05.26"]
[Round "7"]
[White "Skatchkov, Valery"]
[Black "Tymrakiewicz, Rafal"]
[Result "0-1"]
[WhiteTitle "FM"]
[BlackTitle "FM"]
[WhiteElo "2242"]
[BlackElo "2253"]
[WhiteFideId "24195812"]
[BlackFideId "1108832"]
[EventDate "2020.05.26"]

1. d4 d5 2. c4 c6 3. Nf3 Nf6 4. Nc3 a6 5. Qc2 b5 6. e4 dxc4 7. b3 cxb3 8. axb3
Bb7 9. Bd3 e6 10. O-O Be7 11. Bg5 h6 12. Bh4 Nbd7 13. e5 Nd5 14. Bxe7 Qxe7 15.
Ne4 O-O 16. Nd6 N7b6 17. Rfc1 Nc8 18. Ne4 Rd8 19. Qd2 a5 20. Rxa5 Ncb6 21. Nd6
Rxa5 22. Qxa5 Ra8 23. Qe1 f5 24. g3 Nc8 25. Nxc8 Rxc8 26. Ra1 Nb4 27. Be2 Nc2
28. Qc1 Nxa1 29. Qxa1 c5 30. dxc5 Qxc5 31. Qa5 Bc6 32. h4 g6 33. h5 g5 34. b4
Qd5 35. Qa7 g4 36. Qe7 gxf3 37. Bxf3 Qd7 38. Qf6 Bxf3 39. Qg6+ Kf8 40. Qf6+ Qf7
41. Qh8+ Qg8 42. Qxh6+ Ke8 43. Qe3 Bd5 44. Kh2 Rc7 45. Qb6 Qf7 46. Qb8+ Kd7 47.
Qxb5+ Bc6 48. Qd3+ Ke8 49. Qe2 Kf8 50. b5 Bd5 51. Kh3 Kg7 52. Kh4 Kh7 53. Qe3
Qe7+ 54. Kh3 Qb4 55. f3 Rg7 56. b6 Qb1 57. Kh2 Qc2+ 58. Kh3 Qd1 59. Kg2 Qc2+ 60.
Kh3 Qb1 61. Kh2 Qb3 62. Qe2 Qxf3 0-1

[Event "Euro Online U2300 Day 2"]
[Site "chess.com INT"]
[Date "2020.05.26"]
[Round "7"]
[White "Mammadov, Sadig"]
[Black "Marjanovic, Annamaria"]
[Result "0-1"]
[WhiteTitle "FM"]
[BlackTitle "WGM"]
[WhiteElo "2237"]
[BlackElo "2338"]
[WhiteFideId "13408712"]
[BlackFideId "750930"]
[EventDate "2020.05.26"]

1. d4 Nf6 2. c4 g6 3. Nc3 Bg7 4. g3 O-O 5. Bg2 d6 6. e4 e5 7. Nf3 Nc6 8. O-O Bg4
9. dxe5 Nxe5 10. Bg5 Nxc4 11. Nd5 c6 12. Nc3 h6 13. Bf4 g5 14. Bxd6 Qxd6 15.
Qxd6 Nxd6 16. e5 Nc4 17. exf6 Bxf6 18. Ne4 Bxb2 19. Rab1 Bf5 20. Rfe1 b5 21. Re2
Bg7 22. Rbe1 Rad8 23. Nc5 Bc3 24. Rc1 Bb4 25. Na6 Ba3 26. Rce1 Bd3 27. h4 Bxe2
28. Rxe2 g4 29. Ne5 Nxe5 30. Rxe5 Rd1+ 31. Kh2 Rd2 32. Rf5 Rc8 33. Rf4 h5 34.
Rf5 Be7 35. a3 Bxa3 36. Rxh5 Rxf2 37. Rg5+ Kf8 38. Rxg4 Be7 39. Kh3 Ra2 40. Nb4
Ra4 41. Nxc6 Rxg4 42. Kxg4 Bc5 43. h5 b4 44. h6 b3 45. Be4 Re8 46. Bd3 Re3 47.
Bf5 b2 48. Nb8 Bd4 49. Nc6 Bf6 50. Na5 Re5 51. Nc4 Rxf5 52. Nxb2 Rg5+ 53. Kf4
Rh5 54. g4 Rxh6 0-1

[Event "Euro Online U2300 Day 2"]
[Site "chess.com INT"]
[Date "2020.05.26"]
[Round "7"]
[White "Papp, Petra"]
[Black "Burdalev, Kirill"]
[Result "1-0"]
[WhiteTitle "WGM"]
[BlackTitle "FM"]
[WhiteElo "2338"]
[BlackElo "2394"]
[WhiteFideId "739049"]
[BlackFideId "14121913"]
[EventDate "2020.05.26"]

1. e4 e6 2. d4 d5 3. Nc3 Bb4 4. e5 Qd7 5. a3 Bxc3+ 6. bxc3 b6 7. Qg4 f5 8. Qg3
Ba6 9. Bxa6 Nxa6 10. Ne2 Nb8 11. Nf4 Nc6 12. Nxe6 Qxe6 13. Qxg7 O-O-O 14. Qxh8
Qg6 15. Kf1 Re8 16. h4 Nd8 17. h5 Qf7 18. h6 Ne6 19. Rh3 f4 20. Rh4 f3 21. g3
Qg6 22. Kg1 Rf8 23. Bg5 Nxg5 24. Qg7 Qxg7 25. hxg7 Rf7 26. c4 Rxg7 27. cxd5 Ne7
28. c4 Nf5 29. Rh5 Nxd4 30. Rd1 Ne2+ 31. Kf1 Kd7 32. e6+ Ke7 33. Rd3 Ke8 34. Re3
Ke7 35. Re5 h6 36. Rxh6 Nd4 37. Rh5 Nh7 38. Rh4 Nb3 39. Rf5 Nf6 40. Rhf4 Ne8 41.
Rf7+ Kd6 42. Rxg7 Nxg7 43. Rf7 Nxe6 44. dxe6 Kxe6 45. Rxc7 Nc5 46. Rxa7 Ke5 47.
g4 Kf4 48. Rg7 Ne4 49. Ke1 Nd6 50. g5 Kf5 51. g6 Kf6 52. Rg8 Nxc4 53. g7 Kf7 54.
Rc8 1-0

[Event "Euro Online U2300 Day 2"]
[Site "chess.com INT"]
[Date "2020.05.26"]
[Round "7"]
[White "Patrelakis, Evaggelos"]
[Black "Davtyan, Artur"]
[Result "0-1"]
[BlackTitle "IM"]
[WhiteElo "2259"]
[BlackElo "2461"]
[WhiteFideId "4295102"]
[BlackFideId "13308327"]
[EventDate "2020.05.26"]

1. e4 e5 2. Nf3 Nc6 3. Bc4 Bc5 4. c3 Nf6 5. d3 O-O 6. Bb3 a5 7. O-O d6 8. h3 Be6
9. Re1 Re8 10. Ba4 Qb8 11. d4 exd4 12. cxd4 Bb4 13. Nc3 d5 14. e5 Ne4 15. Re3 f5
16. exf6 Nxf6 17. Ne5 Ra6 18. a3 Bd6 19. Qd3 Bxe5 20. dxe5 Nd7 21. Bb5 d4 22.
Bxc6 Rxc6 23. Qxd4 Nc5 24. Ne4 Nb3 25. Nf6+ gxf6 26. Rg3+ Kh8 27. Qh4 Qd8 28.
Bh6 Rg8 29. exf6 Rxg3 30. fxg3 Qd4+ 31. Qxd4 Nxd4 32. Rd1 Rd6 33. Kf2 Kg8 34.
Bf4 Rd7 35. Bxc7 Rxc7 36. Rxd4 Rc2+ 37. Kf3 Rxb2 38. Rd6 Kf7 39. g4 Kxf6 40. g3
Ke5 41. Rd8 Rb3+ 42. Kf2 Rxa3 43. Rh8 Ra2+ 44. Ke3 Ra3+ 45. Kf2 Bd5 46. Rxh7
Rf3+ 47. Ke2 Rxg3 48. Rh5+ Kd4 49. Kf2 Rf3+ 50. Kg1 a4 51. Rh8 Rg3+ 52. Kf2 Rg2+
53. Kf1 a3 54. Ra8 a2 55. Ra4+ Ke5 56. Ra5 Rh2 0-1

[Event "Euro Online U2300 Day 2"]
[Site "chess.com INT"]
[Date "2020.05.26"]
[Round "7"]
[White "Sahakyan, Arman K."]
[Black "Musovic, Armin"]
[Result "0-1"]
[BlackTitle "FM"]
[WhiteElo "1775"]
[BlackElo "2219"]
[WhiteFideId "13310992"]
[BlackFideId "939935"]
[EventDate "2020.05.26"]

1. c4 e5 2. g3 Nf6 3. Bg2 c6 4. Nc3 d5 5. d4 exd4 6. Qxd4 Be6 7. cxd5 cxd5 8.
Bg5 Be7 9. Rd1 Nc6 10. Qa4 O-O 11. Nh3 d4 12. Nf4 Qc8 13. Bxf6 Bxf6 14. Ncd5 Bd8
15. O-O Bg4 16. h3 Bd7 17. Qa3 Re8 18. b4 a6 19. Kh2 Qb8 20. Qf3 Qe5 21. Rd2 Bg5
22. Rfd1 Be6 23. Rc2 Rad8 24. a3 h5 25. Nxe6 fxe6 26. Nb6 Rf8 27. Rc5 Qc7 28.
Qxh5 Rxf2 29. Rxg5 Qxb6 30. Qg6 Qc7 31. Qxe6+ Qf7 32. Qxf7+ Kxf7 33. Rf1 Rf6 34.
Rxf6+ gxf6 35. Rc5 d3 36. exd3 Rxd3 37. Bxc6 bxc6 38. Rxc6 Rxa3 39. h4 Ra4 40.
Rb6 a5 41. Ra6 Rxb4 42. Rxa5 Kg6 43. Kh3 Rc4 44. Rd5 Rb4 45. Rd8 Ra4 46. Rg8+
Kf7 47. Rg4 Ra2 48. h5 Ra5 49. Kh4 Ra1 50. Rf4 Ke6 51. Kg4 Rb1 52. Re4+ Kf7 53.
Kf4 Rf1+ 54. Kg4 f5+ 55. Kg5 fxe4 56. h6 e3 57. h7 Rh1 0-1

[Event "Euro Online U2300 Day 2"]
[Site "chess.com INT"]
[Date "2020.05.26"]
[Round "7"]
[White "Toczek, Grzegorz"]
[Black "Reizniece-Ozola, Dana"]
[Result "0-1"]
[WhiteTitle "FM"]
[BlackTitle "WGM"]
[WhiteElo "2271"]
[BlackElo "2311"]
[WhiteFideId "1106457"]
[BlackFideId "11601124"]
[EventDate "2020.05.26"]

1. e4 g6 2. d4 d6 3. Nc3 Bg7 4. f4 a6 5. Nf3 b5 6. Bd3 Nd7 7. a4 b4 8. Ne2 c5 9.
c3 bxc3 10. bxc3 cxd4 11. cxd4 Ngf6 12. O-O O-O 13. Rb1 Rb8 14. Rxb8 Nxb8 15.
Bd2 Bb7 16. Qb1 Bc6 17. a5 d5 18. e5 Ne4 19. Bb4 f6 20. Qb3 Kh8 21. Rc1 Qd7 22.
Ba3 fxe5 23. dxe5 Bb5 24. Nfd4 Bxd3 25. Qxd3 g5 26. e6 Qa7 27. Bb2 gxf4 28. Qb3
f3 29. gxf3 Nd2 30. Qb6 Qxb6 31. axb6 Nc4 32. Bc3 Nxb6 33. Bb4 Nc4 34. Bxe7 Re8
35. Bc5 a5 36. Rb1 Na6 37. Rb5 a4 38. Nf5 Rxe6 39. Bd4 Bxd4+ 40. Nexd4 Re5 41.
Rb7 h5 42. Ra7 Nc5 43. f4 Re1+ 44. Kf2 Nd3+ 45. Kf3 a3 46. Kg3 Nb4 47. Kh4 a2
48. Ra8+ Kh7 49. Ra7+ Kg8 50. Nh6+ Kf8 51. Ne6+ Rxe6 52. Kg5 Ra6 53. Rf7+ Ke8 0-1

[Event "Euro Online U2300 Day 2"]
[Site "chess.com INT"]
[Date "2020.05.26"]
[Round "7"]
[White "Goltseva, Ekaterina"]
[Black "Mesnyankin, Nikita"]
[Result "0-1"]
[WhiteTitle "FM"]
[WhiteElo "2306"]
[BlackElo "2176"]
[WhiteFideId "24173770"]
[BlackFideId "24175935"]
[EventDate "2020.05.26"]

1. d4 Nf6 2. c4 e5 3. dxe5 Ng4 4. Bf4 g5 5. Bg3 Bg7 6. Nf3 Nc6 7. Nc3 Ngxe5 8.
Nxe5 Nxe5 9. e3 d6 10. h4 g4 11. Rc1 Be6 12. Nd5 c6 13. Nf4 Qa5+ 14. Qd2 Qxa2
15. Nxe6 fxe6 16. Qxd6 Qxb2 17. Qxe6+ Kf8 18. Qf5+ Ke7 19. Qc2 Qb4+ 20. Qd2 a5
21. Qxb4+ axb4 22. Rb1 Rhd8 23. Be2 Ra2 24. f4 gxf3 25. gxf3 Rdd2 26. Rh2 Nxf3+
27. Bxf3 Rxh2 28. Bxh2 Rxh2 29. Kf1 Bc3 30. h5 Rh4 31. e4 Rh2 32. Bg2 Rxh5 33.
Kf2 Kd6 34. Ke3 Kc5 35. Bf1 Rh4 36. Be2 Bd4+ 37. Kd3 Rh3+ 38. Kc2 Rc3+ 39. Kd2
Be3+ 40. Kd1 b3 41. Ke1 Kb4 42. e5 Rc1+ 43. Rxc1 Bxc1 44. e6 Bg5 45. Bd3 Ka3 46.
Ke2 Ka2 47. Bxh7 b2 48. Kf3 b1=Q 49. Bxb1+ Kxb1 50. Kg4 Be7 51. Kf5 b5 52. cxb5
cxb5 53. Ke4 b4 54. Kd5 b3 55. Kc6 b2 56. Kd7 Bb4 0-1